000 00562nam a22002177a 4500
999 _c10283
_d10283
001 10283
003 BD-JhCC
005 20180423114814.0
008 180423b xxu||||| |||| 00| 0 eng d
035 _a(BD-JhCC)10283
040 _aBD-JhCC
_dBD-JhCC
041 _aeng
082 _a651.75
_bBIS 1979
100 _aBiswas P. K.
245 _aUseful Letters for All Occasions /
_cP. K. Biswas
260 _aCalcutta :
_bRatan Book Agency;
_c1979.
300 _a256 p. :
_c20 cm.
650 _aCommercial Correspondece
942 _2ddc
_cREF